000 00401nam a2200181Ia 4500
001 15609
005 20260306170208.0
008 260306t1989||||xx |||||||||||||| ||und||
041 _aESP
082 _a551.1
_bL22
100 _aLambert, David
_eAUT
245 0 _aLa Tierra
260 _c1989
300 _a256 páginas :
_c23 cm.
650 _aGEN
654 _aCIC
942 _cLIB
_dJUS
_fJUS
_2ddc
_n
999 _c15609
_d15609